| 000 | 01397cam a22003255a 4500 | ||
|---|---|---|---|
| 001 | 016043992 | ||
| 003 | OSt | ||
| 005 | 20150928143406.0 | ||
| 008 | 120618s2012 enk frb 001 0aeng d | ||
| 020 | _a9780230274464 (pbk.) | ||
| 040 |
_aStDuBDS _beng _cStDuBDS _dUk _dEG-ScBUE |
||
| 043 | _ae-uk--- | ||
| 082 | 0 | 4 |
_a070.4333 _bROD _222 |
| 100 | 1 |
_aRodgers, James, _d1966- _938376 |
|
| 245 | 1 | 0 |
_aReporting conflict / _cJames Rodgers. |
| 260 |
_aHoundmills ; _aNew York : _bPalgrave Macmillan, _c2012. |
||
| 300 |
_axiv, 154 p. ; _c22 cm. |
||
| 490 | 0 | _aJournalism : critical practice | |
| 500 | _aIndex : p. 149-154. | ||
| 504 | _aBibliography : p. 142-148. | ||
| 520 | _a"In Reporting Conflict, a correspondent turned lecturer draws on his personal experience of journalism in wartime. The author, James Rodgers, has reported on world-changing conflicts. The book combines reflection on this personal experience with an assessment of other accounts of journalism in wartime, and academic studies on the subject."-- | ||
| 600 | 1 | 0 |
_aRodgers, James, _d1966- _938376 |
| 650 | 7 |
_aWar correspondents _zGreat Britain _vBiography. _2BUEsh |
|
| 650 | 7 |
_aTelevision journalists _zGreat Britain _vBiography. _2BUEsh _921820 |
|
| 650 | 7 |
_aWar _xPress coverage. _2BUEsh |
|
| 650 | 7 |
_aReporters and reporting. _2BUEsh |
|
| 651 | _2BUEsh | ||
| 653 |
_bCOMAME _cJune2015 _cAugust2015 |
||
| 942 | _k070.4333 ROD | ||
| 999 |
_c19715 _d19687 |
||